| 000 | 00531cam a22001817a 4500 | ||
|---|---|---|---|
| 020 | _a1878071505 | ||
| 040 | _c*DOE* | ||
| 082 | 0 | 0 | _a333 WOR 1999 A068 Or. |
| 100 | 1 | _aTuxill, John D. | |
| 245 | 1 | 0 |
_aNature's cornucopia : _bour stake in plant diversity / |
| 260 |
_aWashington, DC : _bWorldwatch Institute, _cc1999. |
||
| 300 |
_a85 p. : _bill., map ; _c22 cm. |
||
| 500 | _a"September 1999." | ||
| 650 | 0 | _aPlant diversity conservation. | |
| 650 | 0 | _aPlant conservation. | |
| 650 | 0 | _aBiodiversity conservation. | |
| 942 | _cEK | ||
| 999 |
_c14545 _d14545 |
||